| 000 | 00888cam a2200205K 4500 | ||
|---|---|---|---|
| 082 | 0 | 4 |
_a386 _bSAR _cD |
| 100 | 1 |
_aSargent, A. J. _949814 |
|
| 245 | 1 | 0 |
_aSeaways of the empire _bnotes on the geography of transport, _cby A.J. Sargent. |
| 260 |
_aLondon, _bA. & C. Black, _c1918. |
||
| 300 |
_a1 online resource (xii, 171 p.) _billus. (maps) diagrs. |
||
| 505 | 0 | _aSouth Africa.--Australasia.--India and the Far East.--Suez and Panama.--North and South America.--The Mediterranean and the Black Sea.--The North Sea and the Baltic. | |
| 526 |
_a0 _b0 _c0 _d386_000000000000000_SAR |
||
| 650 | 0 |
_aCommercial geography. _949815 |
|
| 650 | 0 |
_aCommunication and traffic. _949816 |
|
| 650 | 0 |
_aMCE _9379 |
|
| 650 | 0 |
_aShipping _zGreat Britain. _949817 |
|
| 650 | 0 |
_aTransportation _zGreat Britain. _938561 |
|
| 856 | 4 | 0 | _uhttp://catalog.hathitrust.org/api/volumes/oclc/4507187.html |
| 942 |
_2ddc _cBK |
||
| 999 |
_c552572 _d552572 |
||